000 00659cab a2200229 4500
001 WB3240-47
008 090401t1996 xxu||||| |||| 00| 0 eng d
035 _a(Sirsi) u34116
041 _aeng
245 _aCasinos cash in on rule changes
260 _c1996
350 _a0
490 _aFinancial Times
_v22 October 1996, 8(1)
520 _aThe casino industry is expecting to see a boom after Government announce measures aimed at easing current regulations.
650 _aCASINOS
650 _aGAMBLING ACT 1968
650 _aLEISURE INDUSTRY
650 _aLICENSING
690 _aLEISURE AND RECREATION
942 _n0
948 _c04/03/1997
999 _c22640
_d22640